Internet Explorer 5 /

Internet Explorer 5. Thiết lập nối kết với Internet. Tổ chức và chạy chương trình Internet Explorer 5. Web 101. Tạo địa điểm WWeb ưa thích. Làm việc ngoại tuyến với Internet Explorer. Thiết lập Internet Explorer theo ý riêng. Tìm trên mạng...

Saved in:
Bibliographic Details
Corporate Author: VN-Guide (biên dịch.)
Format: Book
Language:Vietnamese
Published: Tp.HCM : Thống kê, 2000.
Subjects:
Tags: Add Tag
No Tags, Be the first to tag this record!
Institutions: Mạng thư viện Đại học Đà Nẵng
LEADER 01414cam a2200373 a 4500
001 000043109
003 984
005 20180105082812.0
008 010217b2000 vm 000 vie
020 |c 47000 
040 |a IRC  |c IRC  |d IRC 
041 0 |a vie 
082 1 4 |a 004.678  |b In-E 
245 0 0 |a Internet Explorer 5 /  |c VN-Guide dịch. 
260 |a Tp.HCM :  |b Thống kê,  |c 2000. 
300 |a 542 tr. ;  |c 20,5 cm. 
520 3 |a Internet Explorer 5. Thiết lập nối kết với Internet. Tổ chức và chạy chương trình Internet Explorer 5. Web 101. Tạo địa điểm WWeb ưa thích. Làm việc ngoại tuyến với Internet Explorer. Thiết lập Internet Explorer theo ý riêng. Tìm trên mạng... 
630 0 4 |a Tin học. 
630 0 4 |a Internet Explorer. 
630 0 4 |a Computer network. 
650 0 4 |a Internet Explorer (Mạng máy tính) 
710 2 |a VN-Guide,  |e biên dịch. 
OWN |a DUT 
AVA |a UDN50  |b DUT  |c Book  |d 004.678 In-E  |e available  |t Error 5001 Not defined in file expand_doc_bib_avail.  |f 1  |g 0  |h N  |i 0  |j SH  |k 1 
999 |a From the UDN01 
AVA |a UDN50  |b DUT  |c Book  |d 004.678 In-E  |e available  |t Error 5001 Not defined in file expand_doc_bib_avail.  |f 1  |g 0  |h N  |i 0  |j SH  |k 1 
TYP |a Monograph 
TYP |a Printed language 
980 |a Mạng thư viện Đại học Đà Nẵng